Boom of the brain rot era - Statistics

General Stats
  • This quiz has been taken 2 times
  • The average score is 12 of 15
Answer Stats
Hint Answer % Correct
What is the practice of stoping right before you release your magic sauce? edging
100%
What do you say when you see a baddie with a large buttox? Gyatt
100%
What mysterious pig would call your phone? John Pork
100%
Who does baby gronk rizz up? Livvy
100%
What meme is still massive and there are new ones everyday Low taper fade
100%
What is the practice of making your jawline look better? Mewing
100%
What U.S state is known for strange activities? Ohio
100%
which came first quandale dingle or Costco guys? Quandale dingle
100%
Greatest podcast ever Talk tuah
100%
What is Big AJ's favorite food? Double chunk chocolate cookie
50%
What is the name of the place a Gooner resides? Goon Cave
50%
What is the biggest meme of all time Hawk tuah
50%
What is the name of the superior group of people? Sigmas
50%
What young boy makes a rizz face? The rizzler
50%
What father and son duo live in New Jersey and play geoguessr? Los Pollos bros.
0%
No matching quizzes found
Score Distribution
Percent of People with Each Score
Percentile by Number Answered
Your Score History
You have not taken this quiz